000 00742nam a2200253 a 4500
008
020 _a2906077429 (pbk.)
049 _aMAIN
090 _aRE71.C54
_bRET
100 1 _aChristen, Y.
245 1 0 _aRetine, viellissement et transplantation (French) /
_cY. Christen, M. Doly [and] M.T. Droy-Lefax.
260 _aParis :
_bElsevier,
_c1993.
300 _ax,190 p. :
_bill. ;
_c20 cm.
500 _aIncludes index.
504 _aIncludes bibliographic references.
650 1 _aOpthalmology.
700 _aDroy-Lefaix, M.T.
700 _aDoly, M.
907 _a.b10186505
_b05-02-16
_c18-01-06
003
005 20230120153119.0
040 _cNUST
942 _cBOOKS
_kRE71.C54
_mRET
999 _c98995
_d98995